History - European | 2 | 3 | 0 | 0 | 60 | 15 | 72.40 | 0 | 0 |
History - Cross, Historiography, and Miscellaneous | 1 | 4 | 0 | 0 | 55 | 64 | 89.80 | 0 | 0 |
History - American | 1 | 4 | 0 | 0 | 55 | 61 | 101.80 | 0 | 1 |
History - World | 1 | 2 | 0 | 0 | 35 | 49 | 82.33 | 0 | 0 |
Geography - World | 0 | 3 | 0 | 0 | 30 | 64 | 79.67 | 0 | 0 |
Science - Chemistry | 0 | 2 | 0 | 0 | 20 | 88 | 88.00 | 0 | 0 |
RMP - World Mythology | 0 | 2 | 0 | 0 | 20 | 82 | 109.00 | 0 | 0 |
Science - Physics | 0 | 2 | 0 | 0 | 20 | 53 | 64.50 | 0 | 0 |
Fine Arts - Music | 0 | 2 | 0 | 0 | 20 | 129 | 130.00 | 0 | 0 |
Social Science - Sociology | 0 | 1 | 0 | 0 | 10 | 106 | 106.00 | 0 | 0 |
RMP - Buddhism | 0 | 1 | 0 | 0 | 10 | 120 | 120.00 | 0 | 0 |
RMP - East Asian Religion | 0 | 1 | 0 | 0 | 10 | 101 | 101.00 | 0 | 0 |
Science - Astronomy | 0 | 1 | 0 | 0 | 10 | 108 | 108.00 | 0 | 0 |
Science - Earth | 0 | 1 | 0 | 0 | 10 | 103 | 103.00 | 0 | 0 |
Current Events - World | 0 | 0 | 0 | 0 | 0 | | 0.00 | 0 | 0 |
Literature - World and Miscellaneous | 0 | 0 | 0 | 0 | 0 | | 0.00 | 0 | 0 |
Science - Biology | 0 | 0 | 0 | 0 | 0 | | 0.00 | 0 | 0 |